[Event "4NCL Online Division 3"]
[Site "online"]
[Date "2021.02.23"]
[EventDate "2021.02.23"]
[Round "3.122"]
[White "Deary, Daniel"]
[WhiteElo "1868"]
[WhiteTeam "Alba Bon Accord 2"]
[Black "Banerjee, Sanjoy K"]
[BlackElo "1701"]
[BlackTeam "Atticus B"]
[Result "1-0"]
[PlyCount "75"]

1. d4 d5 2. Nf3 Nf6 3. g3 Bf5 4. Bg2 e6 5. c4 c6 6. Nc3 h6 7. Qb3 Qb6 8. c5 Qxb3 9. axb3 Be7 10. b4 O-O 11. h3 a6 12. g4 Bh7 13. Bf4 Nbd7 14. Nd2 Rfe8 15. Nb3 Bd8 16. Bd6 e5 17. O-O exd4 18. Nxd4 Ne4 19. Bxe4 Bxe4 20. f3 Bh7 21. Rfd1 Ne5 22. b5 Nc4 23. bxc6 bxc6 24. Nxc6 Nxd6 25. cxd6 Bb6+ 26. Kf1 f5 27. Nxd5 Bd8 28. gxf5 Kf7 29. e4 g6 30. d7 Rg8 31. e5 gxf5 32. Re1 Ke6 33. Nxd8+ Raxd8 34. Nf6 Rg7 35. Rxa6+ Kf7 36. e6+ Kf8 37. Rc6 Ke7 38. Nd5+ 1-0

[Event "4NCL Online Division 3"]
[Site "online"]
[Date "2021.02.23"]
[EventDate "2021.02.23"]
[Round "3.123"]
[White "Burge, Steve J"]
[WhiteElo "1680"]
[WhiteTeam "Atticus B"]
[Black "Brennan, J Ross"]
[BlackElo "1634"]
[BlackTeam "Alba Bon Accord 2"]
[Result "1/2-1/2"]
[PlyCount "47"]

1. e4 e5 2. f4 Nf6 3. Nc3 d5 4. fxe5 Nxe4 5. Nf3 Nxc3 6. bxc3 c6 7. d4 Be7 8. Be2 Be6 9. O-O O-O 10. Qe1 Nd7 11. Qg3 Re8 12. Bh6 g6 13. Bg5 Nf8 14. Qh4 Bxg5 15. Nxg5 Kg7 16. Rf6 h6 17. Nxe6+ Rxe6 18. Raf1 Rxf6 19. exf6+ Kh7 20. Rf3 Ne6 21. Rh3 Qf8 22. Bd3 Re8 23. Qg4 Qa3 24. Kf2 1/2-1/2

[Event "4NCL Online Division 3"]
[Site "online"]
[Date "2021.02.23"]
[EventDate "2021.02.23"]
[Round "3.124"]
[White "Gordon, Frederick"]
[WhiteElo "1667"]
[WhiteTeam "Alba Bon Accord 2"]
[Black "Wadsworth, Mark S"]
[BlackElo "1666"]
[BlackTeam "Atticus B"]
[Result "1-0"]
[PlyCount "45"]

1. e4 c5 2. Nf3 Nc6 3. Bb5 g6 4. O-O Bg7 5. Nc3 e5 6. a3 Nge7 7. b4 cxb4 8. axb4 O-O 9. Bc4 h6 10. b5 Nd4 11. Ba3 Re8 12. Nxd4 exd4 13. Nd5 Nxd5 14. Bxd5 d6 15. Qf3 Qf6 16. Qxf6 Bxf6 17. Bxd6 Bd7 18. Bxb7 Bxb5 19. Bxa8 Bxf1 20. Rxa7 Bc4 21. d3 Be6 22. Bc6 Rc8 23. Ra8 1-0

[Event "4NCL Online Division 3"]
[Site "online"]
[Date "2021.02.23"]
[EventDate "2021.02.23"]
[Round "3.131"]
[White "Ye, Kevin"]
[WhiteElo "1968"]
[WhiteTeam "Manchester Juniors A"]
[Black "Putar, Lara"]
[BlackElo "1899"]
[BlackTeam "St Benildus B"]
[Result "1-0"]
[PlyCount "75"]

1. e4 e6 2. d4 d5 3. exd5 exd5 4. c4 Nf6 5. Nc3 Bb4 6. Nf3 O-O 7. Bd3 Re8+ 8. Be3 Ng4 9. O-O Nxe3 10. fxe3 Bxc3 11. bxc3 Be6 12. cxd5 Bxd5 13. c4 Be4 14. Bxe4 Rxe4 15. Ne5 f6 16. Qf3 Rh4 17. Qxb7 Na6 18. Nf3 Rg4 19. Qxa6 Qe8 20. Rae1 Qg6 21. Rf2 Re8 22. Qxa7 c6 23. Qd7 Rge4 24. Qxc6 Rxe3 25. Rxe3 Rxe3 26. Qb5 h6 27. c5 Qf5 28. Re2 Rc3 29. Qe8+ Kh7 30. Qe4 Rc1+ 31. Kf2 Qxe4 32. Rxe4 Kg6 33. a4 Kf5 34. Re2 Ra1 35. c6 Rxa4 36. d5 Rc4 37. Rd2 g5 38. d6 1-0

[Event "4NCL Online Division 3"]
[Site "online"]
[Date "2021.02.23"]
[EventDate "2021.02.23"]
[Round "3.132"]
[White "Murray, Benjamin"]
[WhiteElo "1910"]
[WhiteTeam "St Benildus B"]
[Black "Gardiner, Ethan"]
[BlackElo "1782"]
[BlackTeam "Manchester Juniors A"]
[Result "1-0"]
[PlyCount "97"]

1. e4 e5 2. Nf3 Nc6 3. Bc4 Bc5 4. c3 Nf6 5. d4 exd4 6. cxd4 Bb4+ 7. Bd2 Nxe4 8. Bxb4 Nxb4 9. Bxf7+ Kxf7 10. Qb3+ d5 11. Qxb4 Re8 12. O-O Kg8 13. Qb3 c6 14. Ne5 Qg5 15. f3 Bh3 16. Qc2 Qe3+ 17. Kh1 Qxd4 18. fxe4 Rxe5 19. gxh3 Rxe4 20. Nc3 Re3 21. Qf5 h6 22. Rad1 Qh4 23. Qf7+ Kh7 24. Rg1 Rg8 25. Qg6+ Kh8 26. Rd3 Qxh3 27. Rd2 Re6 28. Qf7 Rf6 29. Qxb7 Rf1 30. Qxa7 Rxg1+ 31. Qxg1 Rf8 32. Rf2 Rxf2 33. Qxf2 Qg4 34. Qg2 Qf4 35. Ne2 Qb4 36. Ng3 Qe1+ 37. Qf1 Qd2 38. Nh5 Qxb2 39. Qf8+ Kh7 40. Qxg7+ Qxg7 41. Nxg7 Kxg7 42. a4 Kf6 43. a5 d4 44. Kg2 Ke5 45. a6 d3 46. Kf3 Kd4 47. a7 c5 48. a8=Q c4 49. Qh8+ 1-0

[Event "4NCL Online Division 3"]
[Site "online"]
[Date "2021.02.23"]
[EventDate "2021.02.23"]
[Round "3.134"]
[White "Putar, Leon"]
[WhiteElo "1872"]
[WhiteTeam "St Benildus B"]
[Black "Jayawarna, Tarini"]
[BlackElo "1709"]
[BlackTeam "Manchester Juniors A"]
[Result "1-0"]
[PlyCount "75"]

1. e4 e6 2. d4 d5 3. Nc3 Bb4 4. e5 c5 5. a3 Bxc3+ 6. bxc3 Qa5 7. Bd2 Qa4 8. Nf3 c4 9. Be2 Ne7 10. O-O Nbc6 11. Nh4 Bd7 12. f4 O-O-O 13. Bg4 Kc7 14. f5 Rb8 15. fxe6 fxe6 16. Rf7 Rhg8 17. Bg5 Rbe8 18. Qd2 h6 19. Bxe7 Rxe7 20. Raf1 g5 21. Rxe7 Nxe7 22. Nf3 Qa6 23. Bh5 Be8 24. Bxe8 Rxe8 25. h4 g4 26. Nh2 h5 27. Qg5 Nf5 28. Qxh5 Kd7 29. Nxg4 Re7 30. Nf6+ Kc7 31. Rxf5 exf5 32. Nxd5+ Kd7 33. Nxe7 Kxe7 34. Qh7+ Kf8 35. Qxf5+ Ke7 36. Qf6+ Qxf6 37. exf6+ Kxf6 38. h5 1-0

[Event "4NCL Online Division 3"]
[Site "online"]
[Date "2021.02.23"]
[EventDate "2021.02.23"]
[Round "3.141"]
[White "Quinn, Kenny"]
[WhiteElo "1962"]
[WhiteTeam "Preston South End"]
[Black "Gluckman, Tim"]
[BlackElo "1949"]
[BlackTeam "Catford Cosmonauts 3"]
[Result "0-1"]
[PlyCount "66"]

1. e4 g6 2. d4 Bg7 3. Nc3 d6 4. Be3 a6 5. Qd2 Nd7 6. h4 h5 7. Bc4 b5 8. Bd5 Rb8 9. Bc6 Bb7 10. Bxb7 Rxb7 11. O-O-O Nb6 12. Qe2 Nf6 13. f3 Qd7 14. Nh3 O-O 15. Nf4 Qc6 16. e5 Nfd5 17. Nfxd5 Nxd5 18. Nxd5 Qxd5 19. exd6 cxd6 20. Kb1 Rc8 21. Rhe1 Rbc7 22. Rd2 Rc4 23. c3 a5 24. Bf2 b4 25. cxb4 Qc6 26. Rdd1 Rc2 27. Qe3 Bh6 28. f4 Bxf4 29. Qxf4 Rxb2+ 30. Kxb2 Qc3+ 31. Kb1 Qxb4+ 32. Ka1 Qc3+ 33. Kb1 Rb8# 0-1

[Event "4NCL Online Division 3"]
[Site "online"]
[Date "2021.02.23"]
[EventDate "2021.02.23"]
[Round "3.142"]
[White "Allen, John P"]
[WhiteElo "1954"]
[WhiteTeam "Catford Cosmonauts 3"]
[Black "Thompson, Peter"]
[BlackElo "1875"]
[BlackTeam "Preston South End"]
[Result "1/2-1/2"]
[PlyCount "139"]

1. e4 e5 2. Nf3 Nc6 3. d4 exd4 4. Bc4 Nf6 5. e5 Ne4 6. O-O Be7 7. c3 d5 8. exd6 Nxd6 9. Bd5 Bg4 10. h3 Bxf3 11. Qxf3 O-O 12. Bxc6 bxc6 13. Qxc6 Rb8 14. Qa4 d3 15. Nd2 c5 16. Qxa7 c4 17. b3 Nb5 18. Qa6 cxb3 19. c4 b2 20. Bxb2 Nc7 21. Qa5 Rxb2 22. Nb3 Ne6 23. Qf5 Bf6 24. Rad1 g6 25. Qf3 Nd4 26. Nxd4 Qxd4 27. Rxd3 Qe5 28. Re3 Qg5 29. Rd1 Bg7 30. Rd5 Qf6 31. Qg3 Rb1+ 32. Kh2 Qa1 33. Qc7 Rh1+ 34. Kg3 Re1 35. Qa7 Rxe3+ 36. Qxe3 Qxa2 37. Kh2 Qxc4 38. Rd2 Qc7+ 39. g3 Qc6 40. h4 Ra8 41. Qf4 Qf6 42. Qe4 Qa6 43. Re2 h5 44. Kg2 Qc8 45. Kh2 Ra1 46. Re1 Rxe1 47. Qxe1 Qe6 48. Qd2 Qe4 49. Kg1 Bd4 50. Qa2 Kg7 51. Qd2 Kh7 52. Qa2 Qe1+ 53. Kg2 Kg7 54. Qc2 f5 55. Qc7+ Kf6 56. Qd6+ Kf7 57. Qd7+ Qe7 58. Qxd4 Qe4+ 59. Qxe4 fxe4 60. f3 exf3+ 61. Kxf3 Ke6 62. Ke4 Kf6 63. Kf4 Kf7 64. Kg5 Kg7 65. Kf4 Kf6 66. g4 hxg4 67. Kxg4 Kg7 68. Kg5 Kh7 69. h5 gxh5 70. Kxh5 1/2-1/2

[Event "4NCL Online Division 3"]
[Site "online"]
[Date "2021.02.23"]
[EventDate "2021.02.23"]
[Round "3.143"]
[White "Pennington, Geoffrey"]
[WhiteElo "1734"]
[WhiteTeam "Preston South End"]
[Black "Turner, Howard"]
[BlackElo "1885"]
[BlackTeam "Catford Cosmonauts 3"]
[Result "0-1"]
[PlyCount "84"]

1. e4 Nc6 2. Nf3 e5 3. Bb5 Nf6 4. d3 Bd6 5. Nbd2 O-O 6. O-O a6 7. Ba4 b5 8. Bb3 Na5 9. c3 Nxb3 10. Qxb3 Bb7 11. Re1 Re8 12. Nf1 Bf8 13. Bg5 d6 14. Ng3 h6 15. Be3 d5 16. Nd2 c5 17. exd5 Bxd5 18. c4 Be6 19. Nde4 Nxe4 20. Nxe4 Rc8 21. Qc2 f5 22. Nd2 f4 23. Bxf4 exf4 24. cxb5 axb5 25. a4 bxa4 26. Rxa4 Bf5 27. Rxe8 Qxe8 28. Rxf4 Qe5 29. Rf3 Rb8 30. Re3 Qxb2 31. Qc4+ Kh7 32. g4 Qxd2 33. gxf5 Rb2 34. Qf4 Bd6 35. Qf3 Rb1+ 36. Kg2 Qd1 37. Kh3 Qf1+ 38. Kh4 Rb4+ 39. Kh5 Qg1 40. h4 Rf4 41. Qh3 Qxf2 42. f6 Rf5+ 0-1

[Event "4NCL Online Division 3"]
[Site "online"]
[Date "2021.02.23"]
[EventDate "2021.02.23"]
[Round "3.144"]
[White "Alvares, Owen"]
[WhiteElo "1809"]
[WhiteTeam "Catford Cosmonauts 3"]
[Black "Tillotson, Carl"]
[BlackElo "1687"]
[BlackTeam "Preston South End"]
[Result "0-1"]
[PlyCount "138"]

1. e4 e6 2. d4 d5 3. e5 c5 4. c3 Bd7 5. Nf3 a6 6. Be3 cxd4 7. cxd4 Qb6 8. Qc2 Ne7 9. Bd3 Bb5 10. Qb3 Nd7 11. Bxb5 axb5 12. O-O Nc6 13. Qc2 Be7 14. Nbd2 O-O 15. Nb3 Rfc8 16. Qd2 Qd8 17. a3 Nb6 18. Qd3 Nc4 19. Rab1 N6a5 20. Nbd2 Nc6 21. Rfc1 Nxe3 22. Qxe3 b4 23. axb4 Nxb4 24. Rxc8 Rxc8 25. Ne1 Nc2 26. Qd3 Nxe1 27. Rxe1 Qb6 28. Rb1 Qb4 29. g3 g6 30. Kg2 h5 31. Qa3 Qxd2 32. Qxe7 Qxd4 33. Qxb7 Rc4 34. Qb8+ Kg7 35. Ra1 Rc2 36. Qa7 Rxf2+ 37. Kg1 Qxa7 38. Rxa7 Rxb2 39. Kf1 Rxh2 40. Ra3 g5 41. Rf3 Ra2 42. Re3 g4 43. Rb3 Ra4 44. Kf2 Re4 45. Rb1 Rxe5 46. Rb8 Rf5+ 47. Kg2 Kf6 48. Rb1 Rf3 49. Rb8 Ke5 50. Rb1 Ke4 51. Re1+ Re3 52. Rh1 Re2+ 53. Kf1 Kf3 54. Rxh5 Ra2 55. Ke1 f5 56. Rh6 Re2+ 57. Kf1 Re4 58. Rh2 Kxg3 59. Rg2+ Kh3 60. Rd2 g3 61. Rd1 f4 62. Rd3 d4 63. Rd1 e5 64. Kg1 Re2 65. Rf1 Re3 66. Ra1 f3 67. Rf1 f2+ 68. Rxf2 gxf2+ 69. Kxf2 e4 0-1

[Event "4NCL Online Division 3"]
[Site "online"]
[Date "2021.02.23"]
[EventDate "2021.02.23"]
[Round "3.151"]
[White "Pigott, Darrell N"]
[WhiteElo "1846"]
[WhiteTeam "Watford 2"]
[Black "Tyton, Adam"]
[BlackElo "1894"]
[BlackTeam "Bolton and Worsley 1"]
[Result "1/2-1/2"]
[PlyCount "67"]

1. e4 c6 2. d3 d5 3. Nc3 e5 4. g3 d4 5. Nce2 Bb4+ 6. Bd2 Bxd2+ 7. Qxd2 c5 8. Nf3 Nc6 9. Bg2 h6 10. O-O Nf6 11. c4 O-O 12. Nh4 Ne7 13. b4 Qd6 14. Rab1 b6 15. h3 g5 16. bxc5 Qxc5 17. Nf5 Nxf5 18. exf5 Rb8 19. h4 Nh7 20. g4 f6 21. Ng3 Bb7 22. Bxb7 Rxb7 23. Ne4 Qe7 24. hxg5 Nxg5 25. Nxg5 hxg5 26. Qe2 Rf7 27. Kg2 Rh7 28. Rh1 Qf8 29. Qe4 Rbg7 30. Qd5+ Qf7 31. Qd8+ Qf8 32. Qd5+ Qf7 33. Qd8+ Qf8 34. Qd5+ 1/2-1/2

[Event "4NCL Online Division 3"]
[Site "online"]
[Date "2021.02.23"]
[EventDate "2021.02.23"]
[Round "3.152"]
[White "McElvenny, Damien"]
[WhiteElo "1892"]
[WhiteTeam "Bolton and Worsley 1"]
[Black "Sloan, Cecil"]
[BlackElo "1749"]
[BlackTeam "Watford 2"]
[Result "1-0"]
[PlyCount "23"]

1. e4 c5 2. Nf3 e6 3. d4 cxd4 4. Nxd4 Nf6 5. Bg5 Nc6 6. Nc3 Bb4 7. Qd3 Qa5 8. Bd2 O-O 9. a3 Nxd4 10. Qxd4 Qc5 11. Qxb4 Qxb4 12. axb4 1-0

[Event "4NCL Online Division 3"]
[Site "online"]
[Date "2021.02.23"]
[EventDate "2021.02.23"]
[Round "3.153"]
[White "Hammond, Rob"]
[WhiteElo "1792"]
[WhiteTeam "Watford 2"]
[Black "Doherty, Paul"]
[BlackElo "1747"]
[BlackTeam "Bolton and Worsley 1"]
[Result "1-0"]
[PlyCount "131"]

1. Nf3 e6 2. e4 d5 3. e5 c5 4. g3 Nc6 5. c3 Bd7 6. Bg2 f6 7. d4 Qb6 8. O-O O-O-O 9. dxc5 Bxc5 10. exf6 Nxf6 11. b4 Bd6 12. a4 e5 13. Ng5 Bg4 14. Qd2 Bh5 15. a5 Qa6 16. Re1 b5 17. Bxd5 Nxd5 18. Qxd5 Qb7 19. a6 Qc7 20. Ne6 Qd7 21. Nxd8 Rxd8 22. Qxb5 Bf3 23. Qb7+ Qxb7 24. axb7+ Kxb7 25. Be3 a6 26. Nd2 Bg4 27. Nc4 Bc7 28. Bc5 Rd3 29. Re3 Rd5 30. Kg2 Bf5 31. f3 Bd3 32. Nb2 Bc2 33. Re2 Bb3 34. c4 Rd7 35. Ra3 Bd1 36. Nxd1 Rxd1 37. b5 axb5 38. cxb5 Nd4 39. Rb2 Rc1 40. Bxd4 exd4 41. Rd3 Kb6 42. Rb4 Be5 43. f4 Bf6 44. Kf3 Re1 45. Rbb3 h5 46. h3 Rh1 47. Kg2 Re1 48. g4 g6 49. gxh5 gxh5 50. Kf3 Re6 51. f5 Re7 52. Kf4 Re1 53. Rg3 Be5+ 54. Kf3 Bxg3 55. Kxg3 d3 56. Rxd3 Kxb5 57. f6 Re8 58. Kf4 Kc4 59. Rd7 Kc5 60. Kf5 Kc6 61. Rd3 Re1 62. f7 Rf1+ 63. Kg6 h4 64. Rd4 Rf2 65. Kg7 Rg2+ 66. Rg4 1-0

[Event "4NCL Online Division 3"]
[Site "online"]
[Date "2021.02.23"]
[EventDate "2021.02.23"]
[Round "3.154"]
[White "Kumar, Jamie"]
[WhiteElo "1664"]
[WhiteTeam "Bolton and Worsley 1"]
[Black "Russell, Chris"]
[BlackElo "1769"]
[BlackTeam "Watford 2"]
[Result "1-0"]
[PlyCount "51"]

1. e4 e6 2. d4 d5 3. Nc3 Bb4 4. e5 c5 5. Bd2 cxd4 6. Nb5 Bxd2+ 7. Qxd2 Nc6 8. f4 Nh6 9. Nd6+ Kf8 10. Nf3 f6 11. Bd3 fxe5 12. fxe5 Nxe5 13. Nxe5 Qxd6 14. O-O+ Ke8 15. Bb5+ Kd8 16. Qg5+ Qe7 17. Qh5 Nf5 18. Nf7+ Kc7 19. Nxh8 g6 20. Qg4 Bd7 21. Bxd7 Rxh8 22. Bb5 a6 23. Bd3 Ne3 24. Qxd4 Nxf1 25. Qxh8 Ne3 26. Qe5+ 1-0

[Event "4NCL Online Division 3"]
[Site "online"]
[Date "2021.02.23"]
[EventDate "2021.02.23"]
[Round "3.161"]
[White "Adaway, William"]
[WhiteElo "1899"]
[WhiteTeam "Wessex Some Stars C"]
[Black "Lockett, Karl"]
[BlackElo "1855"]
[BlackTeam "Crewe AOL"]
[Result "1-0"]
[PlyCount "93"]

1. c4 c5 2. Nf3 b6 3. Nc3 Nf6 4. e4 Nc6 5. d4 cxd4 6. Nxd4 Bb7 7. f3 d6 8. Nxc6 Bxc6 9. Be3 g6 10. Qd2 h6 11. Be2 Bg7 12. O-O Rc8 13. Rac1 Qd7 14. Rfd1 Qb7 15. b3 Nd7 16. Nd5 h5 17. Nb4 O-O 18. Bh6 Rfd8 19. Bxg7 Kxg7 20. Nxc6 Qxc6 21. Qd4+ Kg8 22. f4 Qc5 23. Bf3 Qxd4+ 24. Rxd4 Nc5 25. Rcd1 Ne6 26. R4d2 Nxf4 27. e5 b5 28. cxb5 Rc5 29. exd6 exd6 30. Bc6 d5 31. g3 Ne6 32. Bxd5 Rdc8 33. Bxe6 fxe6 34. Rd8+ Kf7 35. R1d7+ Kf6 36. Rxc8 Rxc8 37. Rxa7 e5 38. b6 Rc5 39. Rc7 Rb5 40. b7 e4 41. Kf2 Rb4 42. Ke3 Ke6 43. Kd2 Kf6 44. Kc3 Rb6 45. a4 Kf5 46. a5 Rb5 47. Kc4 1-0

[Event "4NCL Online Division 3"]
[Site "online"]
[Date "2021.02.23"]
[EventDate "2021.02.23"]
[Round "3.162"]
[White "Holcman, Lukasz"]
[WhiteElo "1705"]
[WhiteTeam "Crewe AOL"]
[Black "Krawczuk, Michael J"]
[BlackElo "1877"]
[BlackTeam "Wessex Some Stars C"]
[Result "1-0"]
[PlyCount "101"]

1. d4 Nf6 2. Bf4 e6 3. Nf3 d5 4. e3 c5 5. c3 Nc6 6. Bd3 Bd6 7. Bg3 O-O 8. Ne5 Qc7 9. f4 Ne4 10. Nd2 f6 11. Nxe4 dxe4 12. Bxe4 fxe5 13. fxe5 Be7 14. Qh5 Rf5 15. Bxf5 exf5 16. e6 g6 17. Bxc7 gxh5 18. d5 Nd8 19. O-O-O Nxe6 20. dxe6 Bxe6 21. Rhf1 Rc8 22. Be5 Kf7 23. e4 Kg6 24. exf5+ Bxf5 25. h3 Rc6 26. Rf3 h4 27. g4 Be4 28. Rf2 Re6 29. Bf4 Bc6 30. a3 a6 31. Rdf1 Bb5 32. Rd1 Bc6 33. b3 h6 34. Rdf1 Bg5 35. Bxg5 hxg5 36. Rf8 Re3 37. R8f7 Re6 38. R7f5 b6 39. a4 Bg2 40. Rd1 Bxh3 41. Rdd5 Re4 42. Rd6+ Kh7 43. Rxg5 Bxg4 44. Rxb6 h3 45. Rxc5 Re7 46. Rcc6 Bf5 47. Rh6+ Kg7 48. Rxa6 Re2 49. Kd1 Rg2 50. b4 h2 51. b5 1-0

[Event "4NCL Online Division 3"]
[Site "online"]
[Date "2021.02.23"]
[EventDate "2021.02.23"]
[Round "3.163"]
[White "Clancy, Martin J"]
[WhiteElo "1860"]
[WhiteTeam "Wessex Some Stars C"]
[Black "Renegade, Richard"]
[BlackElo "1752"]
[BlackTeam "Crewe AOL"]
[Result "1-0"]
[PlyCount "101"]

1. e4 e5 2. Nf3 Nf6 3. Nxe5 Nc6 4. Nxc6 dxc6 5. Nc3 Bc5 6. Be2 h5 7. d3 Ng4 8. Bxg4 Bxg4 9. Qd2 Qe7 10. f3 Be6 11. Qe2 O-O-O 12. Be3 Bb4 13. a3 Bd6 14. f4 Bg4 15. Qf2 Rhe8 16. e5 f6 17. exd6 Qxe3+ 18. Qxe3 Rxe3+ 19. Kd2 Rde8 20. dxc7 Kxc7 21. Rae1 R3e7 22. Rxe7+ Rxe7 23. Re1 Rd7 24. Nd1 Bf5 25. Ne3 Bh7 26. g3 c5 27. b3 b5 28. Kc3 a5 29. h3 b4+ 30. axb4 axb4+ 31. Kd2 Kc6 32. Ra1 Bg8 33. Ra8 Bf7 34. Rc8+ Kb6 35. g4 hxg4 36. hxg4 g6 37. Rf8 Kc6 38. f5 g5 39. Nf1 Kd5 40. Ng3 Ke5 41. Ke3 Re7 42. Ne4 Rc7 43. Rd8 Rc6 44. Rd7 Bg8 45. Rg7 Rc8 46. Re7+ Kd5 47. Nxf6+ Kd6 48. Rg7 Bd5 49. Rd7+ Ke5 50. Nxd5 c4 51. d4# 1-0

[Event "4NCL Online Division 3"]
[Site "online"]
[Date "2021.02.23"]
[EventDate "2021.02.23"]
[Round "3.164"]
[White "Layhe, Neville"]
[WhiteElo "1628"]
[WhiteTeam "Crewe AOL"]
[Black "Chilton, James I"]
[BlackElo "1858"]
[BlackTeam "Wessex Some Stars C"]
[Result "0-1"]
[PlyCount "94"]

1. d4 Nf6 2. e3 d5 3. Bd3 Bg4 4. f3 Bh5 5. Nd2 e6 6. c3 c5 7. Qa4+ Nbd7 8. f4 c4 9. Bb1 a6 10. Ngf3 b5 11. Qc2 Ng4 12. Nf1 Ndf6 13. h3 Bg6 14. Qe2 Nh6 15. g4 Ne4 16. f5 exf5 17. Bxe4 fxe4 18. Ne5 Qh4+ 19. Qf2 Be7 20. Bd2 O-O 21. Qxh4 Bxh4+ 22. Ke2 f5 23. Be1 Bg5 24. h4 Be7 25. g5 Bh5+ 26. Kd2 Ng4 27. Nxg4 Bxg4 28. Bg3 b4 29. Nh2 bxc3+ 30. bxc3 Bh3 31. Rab1 Rfd8 32. Rb7 Bd6 33. Bxd6 Rxd6 34. Rhb1 Rad8 35. Rc7 R8d7 36. Rbb7 Rxc7 37. Rxc7 Rb6 38. Kc2 h6 39. Rc5 hxg5 40. hxg5 Rg6 41. Rxd5 Rxg5 42. Rc5 Rg2+ 43. Kb1 Rxh2 44. Rxc4 g5 45. d5 f4 46. exf4 gxf4 47. Rxe4 Bf5 0-1

[Event "4NCL Online Division 3"]
[Site "online"]
[Date "2021.03.09"]
[EventDate "2021.03.09"]
[Round "4.11"]
[White "Constantine, Marc"]
[WhiteElo "1774"]
[WhiteTeam "Urmston"]
[Black "Yogit, Senthilnathan"]
[BlackElo "2166"]
[BlackTeam "Uxbridge A Cults"]
[Result "0-1"]
[PlyCount "154"]

1. d4 Nf6 2. c4 e6 3. Nf3 b6 4. g3 Ba6 5. Qb3 c5 6. d5 exd5 7. cxd5 Bd6 8. Bg2 O-O 9. Nc3 Re8 10. Qc2 h6 11. O-O b5 12. Re1 Bf8 13. e4 b4 14. e5 bxc3 15. exf6 Rxe1+ 16. Nxe1 Qxf6 17. Qxc3 Qxc3 18. bxc3 d6 19. Bf4 Nd7 20. Rb1 Nb6 21. h4 Re8 22. Bf3 Bc4 23. Rd1 Bxa2 24. Ng2 Bb3 25. Ra1 Bxd5 26. Bxd5 Nxd5 27. Rxa7 Nxc3 28. Rd7 d5 29. Bd2 Ne2+ 30. Kf1 c4 31. Ne3 d4 32. Kxe2 dxe3 33. Bxe3 Rc8 34. Kd2 Bb4+ 35. Kc2 Kf8 36. Rb7 Be7 37. Bd4 g6 38. Kc3 f5 39. Bg7+ Kxg7 40. Rxe7+ Kf6 41. Re2 h5 42. f4 Ra8 43. Kxc4 Ra3 44. Rg2 Ke6 45. Re2+ Kd6 46. Rd2+ Kc6 47. Rg2 Ra4+ 48. Kb3 Re4 49. Kc3 Kd5 50. Kd3 Ra4 51. Kc3 Ra3+ 52. Kb2 Re3 53. Kc2 Ke4 54. Kd2 Kf3 55. Rg1 Re2+ 56. Kd3 Rg2 57. Re1 Rxg3 58. Rf1+ Kg4+ 59. Ke2 Kxh4 60. Kf2 Kg4 61. Ke2 h4 62. Rh1 h3 63. Kf2 Rf3+ 64. Kg1 Kxf4 65. Rh2 g5 66. Rc2 g4 67. Kh2 Kg5 68. Ra2 Kh4 69. Ra4 f4 70. Ra8 Rf2+ 71. Kg1 Kg3 72. Ra3+ f3 73. Ra1 Rg2+ 74. Kh1 Rh2+ 75. Kg1 f2+ 76. Kf1 Rh1+ 77. Ke2 Rxa1 0-1

[Event "4NCL Online Division 3"]
[Site "online"]
[Date "2021.03.09"]
[EventDate "2021.03.09"]
[Round "4.12"]
[White "Sudhan, Hari Hara"]
[WhiteElo "2120"]
[WhiteTeam "Uxbridge A Cults"]
[Black "Whalley, Mark E"]
[BlackElo "1748"]
[BlackTeam "Urmston"]
[Result "1-0"]
[PlyCount "49"]

1. Nf3 f5 2. d3 Nf6 3. e4 fxe4 4. dxe4 d6 5. Nc3 e5 6. Bc4 h6 7. h3 c6 8. O-O Qc7 9. Nh4 b5 10. Bb3 b4 11. Ng6 Rh7 12. Ne2 Nxe4 13. Bg8 Nf6 14. Bxh7 Nxh7 15. f4 Ba6 16. fxe5 dxe5 17. Nxf8 Nxf8 18. Be3 Nbd7 19. a3 b3 20. cxb3 O-O-O 21. Qc2 Bxe2 22. Qxe2 Qb7 23. Rad1 Ne6 24. Rf7 Qxb3 25. Qa6+ 1-0

[Event "4NCL Online Division 3"]
[Site "online"]
[Date "2021.03.09"]
[EventDate "2021.03.09"]
[Round "4.13"]
[White "Randall, Grant"]
[WhiteElo "1583"]
[WhiteTeam "Urmston"]
[Black "Symonds, Richard H"]
[BlackElo "1990"]
[BlackTeam "Uxbridge A Cults"]
[Result "1/2-1/2"]
[PlyCount "60"]

1. e4 d6 2. d4 Nf6 3. Nc3 Nbd7 4. Nf3 e5 5. Bg5 c6 6. Bc4 Be7 7. Qd2 Qc7 8. a4 a5 9. Bh4 Nf8 10. Ng5 Ne6 11. Nxe6 Bxe6 12. Bxe6 fxe6 13. Bg5 exd4 14. Qxd4 O-O 15. O-O Kh8 16. Rad1 Rad8 17. Qe3 e5 18. Qe2 Qb6 19. b3 Rfe8 20. Be3 Qc7 21. f4 d5 22. fxe5 Qxe5 23. Bd4 Bc5 24. Bxc5 Qxc3 25. Bd4 Qb4 26. Bxf6 gxf6 27. Qf2 Qxe4 28. Qxf6+ Kg8 29. Qf7+ Kh8 30. Qf6+ Kg8 1/2-1/2

[Event "4NCL Online Division 3"]
[Site "online"]
[Date "2021.03.09"]
[EventDate "2021.03.09"]
[Round "4.14"]
[White "Colter, Nigel"]
[WhiteElo "1758"]
[WhiteTeam "Uxbridge A Cults"]
[Black "Plunkett, Tim"]
[BlackElo "1275"]
[BlackTeam "Urmston"]
[Result "1-0"]
[PlyCount "91"]

1. d4 Nf6 2. Nf3 g6 3. c4 d6 4. Nc3 Bg7 5. e4 O-O 6. Be2 b6 7. O-O Bb7 8. Qc2 Nbd7 9. Rd1 c5 10. d5 a6 11. h3 Qc7 12. Bf4 Rad8 13. Rd2 Nh5 14. Bh2 Bh6 15. Rdd1 Bc8 16. g3 Bg7 17. g4 Nhf6 18. Kh1 Kh8 19. Ng1 Bh6 20. f4 g5 21. fxg5 Bxg5 22. Nf3 Rg8 23. Nxg5 Rxg5 24. Bf4 Rg6 25. g5 Ng8 26. Bh5 Rg7 27. Rg1 Nf8 28. h4 e5 29. Be3 Qd7 30. Bg4 Qe7 31. Bf5 Re8 32. Qh2 Bxf5 33. exf5 e4 34. f6 Nxf6 35. gxf6 Qxf6 36. Bg5 Qf5 37. Raf1 Qd7 38. Bf6 h5 39. Rxg7 Qc8 40. Rxf7+ Kg8 41. Rg7+ Kh8 42. Rc7+ Kg8 43. Rg1+ Ng6 44. Rxg6+ Kf8 45. Qxd6+ Re7 46. Qxe7# 1-0

[Event "4NCL Online Division 3"]
[Site "online"]
[Date "2021.03.09"]
[EventDate "2021.03.09"]
[Round "4.21"]
[White "Hooker, Steve"]
[WhiteElo "1952"]
[WhiteTeam "Dorking Casuals"]
[Black "McIntyre, John W"]
[BlackElo "1898"]
[BlackTeam "Phones Pals"]
[Result "1-0"]
[PlyCount "57"]

1. e4 c6 2. d4 d5 3. e5 Bf5 4. h4 h5 5. Nc3 e6 6. Bg5 Qb6 7. Na4 Qa5+ 8. c3 Nd7 9. Nf3 b5 10. Nc5 Nxc5 11. b4 Qa4 12. bxc5 Qa3 13. Qb3 Qxb3 14. axb3 Bc2 15. Ra3 Ne7 16. Kd2 Be4 17. Be2 Nf5 18. Rha1 Bxf3 19. Bxf3 b4 20. Rxa7 bxc3+ 21. Kxc3 Rc8 22. Ra8 Rxa8 23. Rxa8+ Kd7 24. Be2 g6 25. Bf6 Rg8 26. Ba6 Nh6 27. Ra7+ Ke8 28. Bb7 Kd7 29. Ba8+ 1-0

[Event "4NCL Online Division 3"]
[Site "online"]
[Date "2021.03.09"]
[EventDate "2021.03.09"]
[Round "4.22"]
[White "Glen, Hamish"]
[WhiteElo "1613"]
[WhiteTeam "Phones Pals"]
[Black "Herman, Thomas"]
[BlackElo "1841"]
[BlackTeam "Dorking Casuals"]
[Result "1-0"]
[PlyCount "73"]

1. e4 b6 { B00 Owen Defense } 2. Bc4 Bb7 3. Nc3 e6 4. d3 d5 5. exd5 exd5 6. Bb3 Nf6 7. Bg5 Be7 8. Nf3 O-O 9. O-O d4 10. Bxf6 Bxf6 11. Ne4 Be7 12. Re1 c5 13. Ne5 Bd5 14. Qh5 Bxb3 15. axb3 Qd5 16. Ng3 Nd7 17. Ng6 Qxh5 18. Nxe7+ Kh8 19. Nxh5 g6 20. Nf4 Kg7 21. Nfd5 a5 22. Kf1 h5 23. Nc6 Rac8 24. Ne5 Nxe5 25. Rxe5 Rc6 26. Rae1 Rd6 27. Nf4 Rf6 28. g3 h4 29. Kg2 Rh8 30. Re7 hxg3 31. hxg3 g5 32. Nh3 g4 33. Ng5 Rh5 34. Ne6+ Kg8 35. Nf4 Rhh6 36. R1e5 Kh7 37. Rg5 { Black resigns. } 1-0

[Event "4NCL Online Division 3"]
[Site "online"]
[Date "2021.03.09"]
[EventDate "2021.03.09"]
[Round "4.24"]
[White "Munshi, Aryan"]
[WhiteElo "1148"]
[WhiteTeam "Phones Pals"]
[Black "Davies, Will"]
[BlackElo "1518"]
[BlackTeam "Dorking Casuals"]
[Result "1-0"]
[PlyCount "89"]

1. d4 Nf6 2. c4 g6 3. Nc3 Bg7 4. e4 d6 5. Nf3 O-O 6. Be2 e5 7. dxe5 dxe5 8. Qxd8 Rxd8 9. Bg5 Nc6 10. Nd5 Rxd5 11. cxd5 Nb4 12. Bxf6 Bxf6 13. O-O Bd7 14. Rfc1 c6 15. a3 Na6 16. Bxa6 bxa6 17. dxc6 Be6 18. Rc5 Rc8 19. Rac1 Bg7 20. g3 f6 21. Ne1 Bf8 22. R5c3 Be7 23. Nd3 Bf7 24. Nb4 a5 25. Nd5 Bxd5 26. exd5 Kf7 27. Rd1 Bd6 28. Kf1 Ke7 29. Rb3 Bc7 30. Rb7 Kd6 31. Ke2 Rb8 32. Rxb8 Bxb8 33. Rd2 Bc7 34. Kd1 Bb6 35. f3 Bd4 36. Rxd4 exd4 37. Kd2 f5 38. Kd3 g5 39. Kxd4 h5 40. h4 f4 41. gxf4 gxh4 42. Ke3 h3 43. Kf2 Kxd5 44. c7 h2 45. Kg2 1-0